Loading...

Financing of Indian Microfinance: Evidence and Implications

Bibliographic Details
Main Author: Tara S Nair
Language:Undetermined
Subjects:
LEADER 00567nab a2200157Ia 4500
008 170811c99999999xx |||||||||||| ||und||
100 |a Tara S Nair 
245 |a Financing of Indian Microfinance: Evidence and Implications 
300 |a 33-40 
653 |a  Microfinance institutions 
653 |a  Microloans 
653 |a Microfinance 
773 |t Economic & Political Weekly   |g Vol. XLV11 No. 25 (23 June 2012) 2012 
942 |c ART 
999 |c 178858  |d 178858 
952 |0 0  |1 0  |4 0  |7 0  |9 244706  |a LIB  |b LIB  |d 2017-08-13  |h Vol. XLV11 No. 25 (23 June 2012) 2012  |r 2017-08-13  |w 2017-08-13  |y ART